Central Library OPAC University of Rajshahi

Highroads of history / (Record no. 56224)

MARC details
000 -LEADER
fixed length control field 00743nam a2200241 a 4500
001 - CONTROL NUMBER
control field 56224
003 - CONTROL NUMBER IDENTIFIER
rucl marc code BD-RjUL
005 - DATE AND TIME OF LATEST TRANSACTION
control field 20211209080353.0
008 - FIXED-LENGTH DATA ELEMENTS--GENERAL INFORMATION
fixed length control field 161127s1930 enk 000 0 und d
035 ## - SYSTEM CONTROL NUMBER
System control number (BD-RjUL)56348
040 ## - CATALOGING SOURCE
Original cataloging agency EQO
Transcribing agency EQO
Language of cataloging eng
Modifying agency BD-RjUL
041 ## - LANGUAGE CODE
Language code of text/sound track or separate title eng
082 ## - DEWEY DECIMAL CLASSIFICATION NUMBER
Edition number 23
Classification number 941
Author mark and year HIG 1930
245 00 - TITLE STATEMENT
Title Highroads of history /
Statement of responsibility, etc. Illastrated by John Pettie ... [et al.]
260 ## - PUBLICATION, DISTRIBUTION, ETC. (IMPRINT)
Place of publication, distribution, etc. London :
Name of publisher, distributor, etc. Thomas Nelson and Sons, Ltd.,
Date of publication, distribution, etc. 1930
300 ## - PHYSICAL DESCRIPTION
Pagination Bk. :
Illustrations ill. ;
Size 20 cm
490 1# - SERIES STATEMENT
Series statement Royal school series
505 0# - FORMATTED CONTENTS NOTE
Formatted contents note Bk. 4 Other days and other ways (from the earliest times to 1485) --
651 ## - SUBJECT ADDED ENTRY--GEOGRAPHIC NAME
Geographic name Great Britain
9 (RLIN) 167301
700 ## - ADDED ENTRY--PERSONAL NAME
Personal name Pettie, John
830 #0 - SERIES ADDED ENTRY--UNIFORM TITLE
Uniform title Royal school series
942 ## - ADDED ENTRY ELEMENTS (KOHA)
Source of classification or shelving scheme Dewey Decimal Classification
Koha item type Books
Holdings
Lost status Source of classification or shelving scheme Damaged status Not for loan Collection code Permanent Location Current Location Shelving location Date acquired Source of acquisition Total Checkouts Full call number Date last seen Copy number Koha item type
  Dewey Decimal Classification     Non-fiction Central Library, University of Rajshahi Central Library, University of Rajshahi   07/03/1957 Puthia Rajbari, Estate   941 HIG 1930 27/11/2016 C-2 Books